000 00656cam a22002053a 4500
001 39771
003 PGUSA
005 20140828083903.0
008 120523s2012||||xxu|||||s|||||000 | eng d
040 _aPGUSA
_beng
042 _adc
100 1 _aHadow, W. H.
_q(William Henry),
_d1859-1937
245 1 0 _aStudies in Modern Music, Second Series :
_bFrederick Chopin, Antonin Dvořák, Johannes Brahms
_h[electronic resource] /
_cW. H. Hadow
260 _bProject Gutenberg,
_c2012
506 _aPublic domain in the USA.
516 _aElectronic text
830 0 _aProject Gutenberg
_v39771
856 4 0 _uhttp://www.gutenberg.org/ebooks/39771
942 _cEB
999 _c269024
_d269024